000
00325nam a2200133Ia 4500
005
20260328101514.0
008
260328s9999||||xx |||||||||||||| ||und||
100
_a
Hulten, Bertil
245
0
_a
Building Modern sweden /
_c
Bertil Hulten
260
_b
Penguin
300
_a
64 p.
650
_a
ARQUITECTURA REGIONAL
942
_c
BK
999
_c
9311
_d
9311